| 000 | 00673nam a22002411 4500 | ||
|---|---|---|---|
| 001 | 31384 | ||
| 003 | BD-RjUL | ||
| 005 | 20211209051708.0 | ||
| 008 | 140415s1959 enk 001 0 eng | ||
| 035 |
_a(BD-RjUL)31471 _a(OCoLC)497062 |
||
| 040 |
_aDLC _cODaWU _dBD-RjUL _beng |
||
| 041 | _aeng | ||
| 082 |
_a321.07 _bCRP 1959 |
||
| 100 | 1 |
_aCrossman, R. H. S. _q(Richard Howard Stafford), _d1907-1974. _912122 |
|
| 245 | 1 | 0 |
_aPlato to-day / _cR. H. S. Crossman |
| 250 | _aA rev. ed. | ||
| 260 |
_aLondon : _bAllen & Unwin, _c1959. |
||
| 300 |
_a325 p. ; _c22 cm. |
||
| 504 | _aIncludes index. | ||
| 600 | 0 | 0 |
_aPlato. _9168343 |
| 942 |
_2ddc _cBK |
||
| 999 |
_c31384 _d31384 |
||